Football Quiz - Statistics

General Stats
  • This quiz has been taken 35 times
    32 since last reset
  • The average score is 6 of 14
Answer Stats
Question Club or Country % Correct
Name a country that have won the World Cup 2 times in a row? Italy/Brazil
100%
Name 2 clubs to be Invincble in the English Football League/ Premier League? Preston North End/Arsenal
89%
Who won the UCL in the 03/04 Season? Porto
71%
Who won the 1938 World Cup? Italy
68%
What club have won 8-2 against Barcelona in 2020 UCL Bayern Munich
61%
Who won the Premier League in 93/94? Blackburn Rovers
54%
The 1982 World was held where? Spain
36%
What club is the only club to win the FA cup and get relagatedin the same season? Wigan Athletic
36%
Who is the most successful club in Brazil? Palmeiras
21%
What club won the first FA cup in 1872? Wanderers
18%
What club is the only to be in the Premier League and then to get relegated into Non-League? Oldham Athletic
14%
What Club has won the most top Divison with 55 titles? Rangers
14%
What was the first Football Club ever? Sheffield F.C
11%
Who is the Most successful club in the Cymru Premier? TNS/The New Sanits
7%
No matching quizzes found
Score Distribution
Percent of People with Each Score
Percentile by Number Answered
Your Score History
You have not taken this quiz since the last reset